000 00799nam a2200253 a 4500
003 BD-DhJNU
005 20250520035040.0
008 830906s1984 nyua b 001 0 eng
020 _a0442232233
040 _aBD-DhJNU
_bENG
_cBD-DhJNU
_dBD-DhJNU
082 0 0 _a307.3362 HEP
_223
100 1 _aHester, Randolph T.
245 1 0 _aPlanning neighborhood space with people /
_cRandolph T. Hester
250 _a2nd ed.
260 _aNew York :
_bVan Nostrand Reinhold Co.,
_c1984.
300 _axi, 205 p. :
_bill. ;
_c25 cm.
490 1 _aEDS ;
_v3
500 _aRev. ed. of: Neighborhood space. c1975.
504 _aIncludes bibliographical references and index.
650 0 _aNeighborhood planning.
650 0 _aOpen spaces.
700 1 _aHester, Randolph T.
_tNeighborhood space.
942 _cBK
999 _c1724
_d1724